<?xml version="1.0" encoding="UTF-8"?>
<record
    xmlns:xsi="http://www.w3.org/2001/XMLSchema-instance"
    xsi:schemaLocation="http://www.loc.gov/MARC21/slim http://www.loc.gov/standards/marcxml/schema/MARC21slim.xsd"
    xmlns="http://www.loc.gov/MARC21/slim">

  <leader>04202njm a2200577Ia 4500</leader>
  <controlfield tag="001">95463</controlfield>
  <controlfield tag="003">IT-RoPAU</controlfield>
  <controlfield tag="005">20220918181125.0</controlfield>
  <controlfield tag="008">131025s9999    xx            000 0 und d</controlfield>
  <datafield tag="040" ind1=" " ind2=" ">
    <subfield code="a">IT-RoPAU</subfield>
  </datafield>
  <datafield tag="040" ind1=" " ind2=" ">
    <subfield code="c">IT-RoPAU</subfield>
  </datafield>
  <datafield tag="041" ind1=" " ind2=" ">
    <subfield code="a">ITALIANO</subfield>
  </datafield>
  <datafield tag="999" ind1=" " ind2=" ">
    <subfield code="c">100112</subfield>
    <subfield code="d">100112</subfield>
  </datafield>
  <datafield tag="999" ind1=" " ind2=" ">
    <subfield code="b">n.d.</subfield>
  </datafield>
  <datafield tag="100" ind1=" " ind2=" ">
    <subfield code="a">AA.VV.</subfield>
    <subfield code="9">794</subfield>
  </datafield>
  <datafield tag="100" ind1=" " ind2=" ">
    <subfield code="e">Autore musica</subfield>
    <subfield code="9">27364</subfield>
  </datafield>
  <datafield tag="100" ind1=" " ind2=" ">
    <subfield code="g">Codice autore musica SPICS: 12000</subfield>
    <subfield code="9">796</subfield>
  </datafield>
  <datafield tag="245" ind1=" " ind2=" ">
    <subfield code="a">Supersanremo 1991</subfield>
  </datafield>
  <datafield tag="250" ind1=" " ind2=" ">
    <subfield code="a">1a ed.</subfield>
  </datafield>
  <datafield tag="260" ind1=" " ind2=" ">
    <subfield code="a">MILANO</subfield>
  </datafield>
  <datafield tag="260" ind1=" " ind2=" ">
    <subfield code="b">WEA ITALIANA</subfield>
    <subfield code="c">1991 [1a Ed.:1991 - Ed. Lingua Orig.: 1991]</subfield>
  </datafield>
  <datafield tag="300" ind1=" " ind2=" ">
    <subfield code="a">DISCO</subfield>
  </datafield>
  <datafield tag="300" ind1=" " ind2=" ">
    <subfield code="c">64 minuti (Testo: 0 pag.)</subfield>
  </datafield>
  <datafield tag="500" ind1=" " ind2=" ">
    <subfield code="a">Musica leggera. Canzone italiana. Canzoni presentate al Festival di Sanremo 1991</subfield>
  </datafield>
  <datafield tag="505" ind1=" " ind2=" ">
    <subfield code="a">Perch&#xE9; lo fai [(Masini Marco) (5:00)] - Oggi un Dio non ho [(Raf) (5:00)] - Se io fossi un uomo [(Di Michele M.G.) (4:00)] - Spunta la luna dal monte [(Disamparados) (Bertoli Pierangelo) (4:00)] - Dubbi no [(Mietta) (4:00)] - Notte di periferia [(De Mas Paola) (2:00)] - La fila degli oleandri [(Bella Gianni) (4:00)] - Caramba [(La Fauci Stefania) (3:00)] - Gli altri siamo noi [(Tozzi Umberto) (5:00)] - Nen&#xE8; [(Minghi Amedeo) (5:00)] - In questa citt&#xE0; [(Bert&#xE8; Loredana) (4:00)] - Oggi sposi [(Power Romina) (5:00)] - E la musica va [(De Crescenzo Eduardo) (5:00)] - Che grossa nostalgia [(Fandango) (3:00)] - La fotografia [(Jannacci Enzo) (5:00)] - Il lazzo [(Mazza Gianni) (3:00)]</subfield>
  </datafield>
  <datafield tag="650" ind1=" " ind2=" ">
    <subfield code="a">CANZONE ITALIAN [DISCHI]</subfield>
    <subfield code="e">Codice MATERIA SPICS: 9950</subfield>
    <subfield code="9">27365</subfield>
  </datafield>
  <datafield tag="700" ind1=" " ind2=" ">
    <subfield code="a">Manzani Mario</subfield>
    <subfield code="d">Codice autore musica SPICS: 33212</subfield>
    <subfield code="e">Autore musica</subfield>
    <subfield code="p">Perch&#xE9; lo fai</subfield>
    <subfield code="9">27366</subfield>
  </datafield>
  <datafield tag="700" ind1=" " ind2=" ">
    <subfield code="a">Bigazzi Giancarlo</subfield>
    <subfield code="d">Codice autore SPICS: 13839</subfield>
    <subfield code="e">Autore</subfield>
    <subfield code="p">Perch&#xE9; lo fai - Gli altri siamo noi</subfield>
    <subfield code="9">27367</subfield>
  </datafield>
  <datafield tag="700" ind1=" " ind2=" ">
    <subfield code="a">Masini Marco</subfield>
    <subfield code="d">Codice autore testo/musica SPICS: 30264</subfield>
    <subfield code="e">Autore testo/musica</subfield>
    <subfield code="p">Perch&#xE9; lo fai</subfield>
    <subfield code="9">27368</subfield>
  </datafield>
  <datafield tag="700" ind1=" " ind2=" ">
    <subfield code="a">Dati Beppe</subfield>
    <subfield code="d">Codice autore musica SPICS: 33211</subfield>
    <subfield code="e">Autore musica</subfield>
    <subfield code="p">Oggi un Dio non ho</subfield>
    <subfield code="9">27369</subfield>
  </datafield>
  <datafield tag="700" ind1=" " ind2=" ">
    <subfield code="a">Raf</subfield>
    <subfield code="d">Codice autore testo/musica SPICS: 26717</subfield>
    <subfield code="e">Autore testo/musica</subfield>
    <subfield code="p">Oggi un Dio non ho</subfield>
    <subfield code="9">27370</subfield>
  </datafield>
  <datafield tag="700" ind1=" " ind2=" ">
    <subfield code="a">Nocera G.</subfield>
    <subfield code="d">Codice autore SPICS: 33223</subfield>
    <subfield code="e">Autore</subfield>
    <subfield code="p">Se io fossi un uomo</subfield>
    <subfield code="9">27371</subfield>
  </datafield>
  <datafield tag="700" ind1=" " ind2=" ">
    <subfield code="a">Di Michele M.G.</subfield>
    <subfield code="d">Codice autore testo/musica SPICS: 26687</subfield>
    <subfield code="e">Autore testo/musica</subfield>
    <subfield code="p">Se io fossi un uomo</subfield>
    <subfield code="9">27372</subfield>
  </datafield>
  <datafield tag="700" ind1=" " ind2=" ">
    <subfield code="a">Marielli Luigi</subfield>
    <subfield code="d">Codice autore musica SPICS: 33224</subfield>
    <subfield code="e">Autore musica</subfield>
    <subfield code="p">Spunta la luna dal monte (Disamparados)</subfield>
    <subfield code="9">27373</subfield>
  </datafield>
  <datafield tag="700" ind1=" " ind2=" ">
    <subfield code="a">Bertoli Pierangelo</subfield>
    <subfield code="d">Codice autore testo/musica SPICS: 10760</subfield>
    <subfield code="e">Autore testo/musica</subfield>
    <subfield code="p">Spunta la luna dal monte (Disamparados)</subfield>
    <subfield code="9">27374</subfield>
  </datafield>
  <datafield tag="700" ind1=" " ind2=" ">
    <subfield code="a">Minghi Amedeo</subfield>
    <subfield code="d">Codice autore testo/musica SPICS: 18043</subfield>
    <subfield code="e">Autore testo/musica</subfield>
    <subfield code="p">Dubbi no - Nen&#xE8;</subfield>
    <subfield code="9">27375</subfield>
  </datafield>
  <datafield tag="700" ind1=" " ind2=" ">
    <subfield code="a">Paoluzzi M.</subfield>
    <subfield code="d">Codice autore musica SPICS: 23701</subfield>
    <subfield code="e">Autore musica</subfield>
    <subfield code="p">Notte di periferia</subfield>
    <subfield code="9">27376</subfield>
  </datafield>
  <datafield tag="700" ind1=" " ind2=" ">
    <subfield code="a">Salerno A.</subfield>
    <subfield code="d">Codice autore testo/musica SPICS: 14302</subfield>
    <subfield code="e">Autore testo/musica</subfield>
    <subfield code="p">Notte di periferia</subfield>
    <subfield code="9">27377</subfield>
  </datafield>
  <datafield tag="700" ind1=" " ind2=" ">
    <subfield code="a">Bella Gianni</subfield>
    <subfield code="d">Codice autore musica SPICS: 13859</subfield>
    <subfield code="e">Autore musica</subfield>
    <subfield code="p">La fila degli oleandri </subfield>
    <subfield code="9">27378</subfield>
  </datafield>
  <datafield tag="700" ind1=" " ind2=" ">
    <subfield code="a">Mogol (Rapetti Giulio)</subfield>
    <subfield code="d">Codice autore testo/musica SPICS: 13643</subfield>
    <subfield code="e">Autore testo/musica</subfield>
    <subfield code="p">La fila degli oleandri</subfield>
    <subfield code="9">27379</subfield>
  </datafield>
  <datafield tag="700" ind1=" " ind2=" ">
    <subfield code="a">Chelinse</subfield>
    <subfield code="d">Codice autore testo/musica SPICS: 33226</subfield>
    <subfield code="e">Autore testo/musica</subfield>
    <subfield code="p">Caramba</subfield>
    <subfield code="9">27380</subfield>
  </datafield>
  <datafield tag="700" ind1=" " ind2=" ">
    <subfield code="a">Tozzi Umberto</subfield>
    <subfield code="d">Codice autore musica SPICS: 13871</subfield>
    <subfield code="e">Autore musica</subfield>
    <subfield code="p">Gli altri siamo noi</subfield>
    <subfield code="9">27381</subfield>
  </datafield>
  <datafield tag="700" ind1=" " ind2=" ">
    <subfield code="a">Daniele Pino</subfield>
    <subfield code="d">Codice autore testo/musica SPICS: 10845</subfield>
    <subfield code="e">Autore testo/musica</subfield>
    <subfield code="p">In questa citt&#xE0;</subfield>
    <subfield code="9">27383</subfield>
  </datafield>
  <datafield tag="700" ind1=" " ind2=" ">
    <subfield code="a">Andretto G.</subfield>
    <subfield code="d">odice autore SPICS: 33227</subfield>
    <subfield code="e">Autore</subfield>
    <subfield code="p">Oggi sposi</subfield>
    <subfield code="9">27384</subfield>
  </datafield>
  <datafield tag="700" ind1=" " ind2=" ">
    <subfield code="a">Depsa</subfield>
    <subfield code="d">Codice autore testo/musica SPICS: 26119</subfield>
    <subfield code="e">Autore testo/musica</subfield>
    <subfield code="p">Oggi sposi</subfield>
    <subfield code="9">27385</subfield>
  </datafield>
  <datafield tag="700" ind1=" " ind2=" ">
    <subfield code="a">Del Prete F.</subfield>
    <subfield code="d">Codice autore musica SPICS: 33228</subfield>
    <subfield code="e">Autore musica</subfield>
    <subfield code="p">E la musica va</subfield>
    <subfield code="9">27386</subfield>
  </datafield>
  <datafield tag="700" ind1=" " ind2=" ">
    <subfield code="a">De Crescenzo Eduardo</subfield>
    <subfield code="d">Codice autore testo/musica SPICS: 7995</subfield>
    <subfield code="e">Autore testo/musica</subfield>
    <subfield code="p">E la musica va</subfield>
    <subfield code="9">27387</subfield>
  </datafield>
  <datafield tag="700" ind1=" " ind2=" ">
    <subfield code="a">Fiori Lidia</subfield>
    <subfield code="d">Codice autore testo/musica SPICS: 33229</subfield>
    <subfield code="e">Autore testo/musica</subfield>
    <subfield code="p">Che grossa nostalgia</subfield>
    <subfield code="9">27388</subfield>
  </datafield>
  <datafield tag="700" ind1=" " ind2=" ">
    <subfield code="a">Jannacci Enzo</subfield>
    <subfield code="d">Codice autore testo/musica SPICS: 10956</subfield>
    <subfield code="e">Autore testo/musica</subfield>
    <subfield code="p">La fotografia</subfield>
    <subfield code="9">27389</subfield>
  </datafield>
  <datafield tag="700" ind1=" " ind2=" ">
    <subfield code="a">Mazza Gianni</subfield>
    <subfield code="d">Codice autore testo/musica SPICS: 33231</subfield>
    <subfield code="e">Autore testo/musica</subfield>
    <subfield code="p">Il lazzo</subfield>
    <subfield code="9">27390</subfield>
  </datafield>
  <datafield tag="942" ind1=" " ind2=" ">
    <subfield code="c">MD</subfield>
    <subfield code="2">ddc</subfield>
  </datafield>
  <datafield tag="952" ind1=" " ind2=" ">
    <subfield code="0">0</subfield>
    <subfield code="1">0</subfield>
    <subfield code="4">0</subfield>
    <subfield code="6">95463_000000000000000</subfield>
    <subfield code="7">1</subfield>
    <subfield code="a">SPICS</subfield>
    <subfield code="b">SPICS</subfield>
    <subfield code="d">2013-10-25</subfield>
    <subfield code="l">0</subfield>
    <subfield code="o">95463</subfield>
    <subfield code="r">2013-10-25 00:00:00</subfield>
    <subfield code="w">2013-10-25</subfield>
    <subfield code="y">MD</subfield>
    <subfield code="z">Progr. Ins.: 22094 / N.Vol.: 1 / Copie: 1 - Copia rara: n.d. / date import: 01.01.2014 - By Epidotti, Trombetti, Vaglietti</subfield>
  </datafield>
</record>
